01759nam a2200397Ia 4500001001200000003000800012006001900020007001500039008004100054010001700095020001800112020002600130020001500156040002100171035002100192050002500213082001700238245020700255260004800462300003700510490009400547504005100641533015200692650003000844650004400874650002600918650004000944655002900984700003801013700003301051700002001084710001701104830009701121856012601218999001701344ebr10688013CaPaEBRm u cr cn|||||||||081121s2008 njua sb 001 0 eng d z 2008301004 z9789812814043 z9789812814050 (ebook) z9812814043 aCaPaEBRcCaPaEBR a(OCoLC)84700033814aQA267.7b.A38 2008eb04a511.3/5222200aAdvanced topics on cellular self-organizing nets and chaotic nonlinear dynamics to model and control complex systemsh[electronic resource] /cedited by Riccardo Caponetto, Luigi Fortuna, Mattia Frasca. aHackensakc, NJ :bWorld Scientific,cc2008. axvi, 191 p. :bill. (some col.).1 aWorld Scientific series on nonlinear science,xSeries A,Monographs and treatises ;vv. 63 aIncludes bibliographical references and index. aElectronic reproduction.bPalo Alto, Calif. :cebrary,d2013.nAvailable via World Wide Web.nAccess may be limited to ebrary affiliated libraries. 0aComputational complexity. 0aNonlinear systemsxMathematical models. 0aSelf-organizing maps. 0aSystem theoryxMathematical models. 7aElectronic books.2local1 aCaponetto, R.q(Riccardo),d1966-1 aFortuna, L.q(Luigi),d1953-1 aFrasca, Mattia.2 aebrary, Inc. 0aWorld Scientific series on nonlinear science.nSeries A,pMonographs and treatises ;vv. 63.40uhttp://site.ebrary.com/lib/rucke/Doc?id=10688013zAn electronic book accessible through the World Wide Web; click to view c29652d29652